000 01161nam a2200361 a 4500
003 AR-BaBNM
005 20251128205041.0
008 082120s2002 ||||||||||||||000 | spa||
020 _a950-802-039-3
040 _cAR-BaBNM
110 2 _aUniversidad de Buenos Aires
245 0 0 _aIntegración y sociedad en el Cono Sur
_blas relaciones con el Mercosur y Chile
250 _a1ª ed.
260 _aBuenos Aires
_bEspacio
_c1995
300 _a274 p.
_btablas, gráfs.
490 0 _aColección ciencias sociales
500 _aTrata en sendos capítulos el caso de "Los pequeños productores cañeros y la integración con el Brasil" y el de la región frutícola del Alto Valle del Río Negro.
650 4 _aINTEGRACION SOCIAL
650 4 _aARBITRAJE
650 4 _aECONOMIA
650 4 _aECONOMIA REGIONAL
650 4 _aESTRUCTURA SOCIAL
650 4 _aCAMBIO SOCIAL
651 4 _aChile
651 4 _aBrasil
651 4 _aArgentina
653 _aMERCOSUR
700 1 _aBekerman, Marta
_ecompilador
700 1 _aRofman, Alejandro
_ecompilador
710 1 _aArgentina
_bSecretaría de Ciencia y Técnica
942 _cBK
998 _cEnrique
999 _c9785
_d9785